000 00319nam a22001457a 4500
008 230719b ||||| |||| 00| 0 eng d
020 _a9780471963646
041 _aeng
080 _a510
082 _a510MOD
100 _a23
101 _aMATEM
245 _aQUANTUM THEORY OF MATTER
_cMODINOS .A
942 _2udc
_cBK
999 _c60172
_d60172